[Event "Challenge"]
[Site "http://www.queenalice.com/game.php?id=1062221"]
[Date "2012.5.21"]
[Round "-"]
[White "roadrunner"]
[Black "Atalxxi"]
[Result "1-0"]
[WhiteElo "1307"]
[BlackElo "1319"]

1. e3 e5 2. Qh5 Nf6 3. Qxe5+ Be7 4. Bc4 d6 5. Qb5+ Nc6 6. Nf3 a6 7. Qg5 d5 8.
Bd3 O-O 9. h4 Ne4 10. Qh5 Qd6 11. Ng5 Bxg5 12. hxg5 Bf5 13. g4 g6 14. Qxh7# 1-0

[Event "Challenge"]
[Site "http://www.queenalice.com/game.php?id=1067318"]
[Date "2012.6.2"]
[Round "-"]
[White "roadrunner"]
[Black "bonzinhojr"]
[Result "1-0"]
[WhiteElo "1343"]
[BlackElo "1443"]

1. e3 d5 2. Qh5 c6 3. Nf3 g6 4. Qe5 f6 5. Qc3 a5 6. g3 b5 7. Nd4 Bb7 8. Ne6 Qd6
9. Nc5 Qc7 10. Bh3 b4 11. Qd3 Bc8 12. Bxc8 Qxc8 13. b3 e6 14. Bb2 Bxc5 15. f4
Nh6 16. Bxf6 Rf8 17. Bg7 Rf5 18. Bxh6 e5 19. c3 e4 20. Qf1 bxc3 21. Nxc3 Na6 22.
g4 Rf7 23. Na4 Ba7 24. d3 Bxe3 25. dxe4 Rxf4 26. Bxf4 Qxg4 27. Bd6 Kd7 28. Qf7+
Kc8 29. Qe8+ Kb7 30. Qe7+ Kc8 31. Rf1 Bh6 32. Nb6# 1-0

[Event "Challenge"]
[Site "http://www.queenalice.com/game.php?id=1071037"]
[Date "2012.6.12"]
[Round "-"]
[White "roadrunner"]
[Black "BESO"]
[Result "0-1"]
[WhiteElo "1468"]
[BlackElo "1823"]

1. e3 e5 2. Qh5 Nc6 3. Nh3 d5 4. Ng5 g6 5. Qf3 Qxg5 6. Qxd5 Nf6 7. Qf3 Bg7 8.
Bb5 Bg4 9. Bxc6+ bxc6 10. Qxc6+ Ke7 11. Qxc7+ Nd7 12. Nc3 Rac8 13. Nd5+ Ke6 14.
Qb7 e4 15. Nf4+ Ke7 16. Qxe4+ Be5 17. d4 Bf5 18. Nd5+ Ke6 19. Qf3 Bg4 20. Qe4 f5
21. Qxe5+ Nxe5 22. e4 Qd8 23. h4 Rxc2 24. Bg5 Qa5+ 25. b4 Nd3+ 26. Kf1 Rxf2+ 27.
Kg1 Qa3 28. Nc7+ Kd7 29. Bf4 Qb2 30. g3 Qxa1+ 31. Bc1 Qxc1# 0-1

[Event "Challenge"]
[Site "http://www.queenalice.com/game.php?id=1072784"]
[Date "2012.6.16"]
[Round "-"]
[White "Lazarus"]
[Black "roadrunner"]
[Result "1-0"]
[WhiteElo "1425"]
[BlackElo "1384"]

1. e4 e6 2. d4 Qf6 3. Nf3 Nc6 4. Bg5 Qg6 5. Nc3 Bb4 6. Bd3 Nxd4 7. Qd2 h6 8.
O-O-O Nxf3 9. gxf3 hxg5 10. Rhg1 Be7 11. e5 Qh5 12. Ne4 Qxf3 13. Nxg5 Qc6 14.
Qf4 Bxg5 15. Qxg5 Rxh2 16. Qxg7 Nh6 17. Rg3 Rh4 18. Qf6 Rh1 19. Bf1 Rh2 20. Bh3
Nf5 21. Rg8# 1-0

[Event "Challenge"]
[Site "http://www.queenalice.com/game.php?id=1072785"]
[Date "2012.6.16"]
[Round "-"]
[White "roadrunner"]
[Black "Lazarus"]
[Result "1-0"]
[WhiteElo "1363"]
[BlackElo "1500"]

1. e3 e5 2. Qh5 Nf6 3. Qxe5+ Be7 4. Nc3 Nc6 5. Qg3 O-O 6. b3 d5 7. Bb2 Bf5 8.
Nf3 Bd6 9. Qg5 Qd7 10. Nxd5 Nxd5 11. Qxg7# 1-0

[Event "Challenge"]
[Site "http://www.queenalice.com/game.php?id=1078236"]
[Date "2012.7.1"]
[Round "-"]
[White "roadrunner"]
[Black "Enzo1945"]
[Result "1-0"]
[WhiteElo "1399"]
[BlackElo "1419"]

1. e3 e5 2. Qh5 Nf6 3. Qxe5+ Be7 4. Bc4 O-O 5. Nc3 Bd6 6. Qg5 Qe7 7. Nd5 Nxd5 8.
Qxd5 Nc6 9. Bd3 Nb4 10. Qh5 b6 11. Qxh7# 1-0

[Event "Challenge"]
[Site "http://www.queenalice.com/game.php?id=1080399"]
[Date "2012.7.7"]
[Round "-"]
[White "roadrunner"]
[Black "velecico"]
[Result "1-0"]
[WhiteElo "1416"]
[BlackElo "1673"]

1. e3 d5 2. Qh5 Nf6 3. Qf3 e5 4. Nc3 Nc6 5. Bb5 Bd7 6. Nxd5 e4 7. Qf4 Nxd5 8.
Qxe4+ Nde7 9. Qf3 a6 10. Bc4 f6 11. h4 Ne5 12. Qh5+ g6 13. Qe2 N7c6 14. f4 Nxc4
15. Qxc4 Be7 16. b3 Bg4 17. h5 Bxh5 18. Qe4 O-O 19. Nh3 f5 20. Qe6+ Kh8 21. Bb2+
Bf6 22. d4 g5 23. fxg5 Re8 24. Qxf6+ Qxf6 25. gxf6 Rxe3+ 26. Kd2 Rae8 27. d5
Re2+ 28. Kd3 b5 29. f7+ Ne5+ 30. Bxe5+ R8xe5 31. f8=Q# 1-0

[Event "Challenge"]
[Site "http://www.queenalice.com/game.php?id=1082658"]
[Date "2012.7.14"]
[Round "-"]
[White "roadrunner"]
[Black "Nick04"]
[Result "0-1"]
[WhiteElo "1442"]
[BlackElo "1642"]

1. e3 h5 2. Bc4 Rh6 3. Qf3 e6 4. b3 d5 5. Bb5+ c6 6. Ba3 cxb5 7. c4 b4 8. Bb2
Nf6 9. Nh3 Bd6 10. cxd5 exd5 11. O-O Qc7 12. Bxf6 Bg4 13. Qxd5 Bxh2+ 14. Kh1
Rxf6 15. Qb5+ Nc6 16. Rc1 a6 17. Qg5 Bxh3 18. gxh3 Rxf2 19. Qxg7 O-O-O 20. a3
Be5 21. Qg1 Rh2+ 22. Qxh2 Bxh2 23. axb4 Qg3 24. b5 Qxh3 25. bxc6 Be5+ 26. Kg1
Bxa1 27. Na3 Bb2 28. c7 Rg8+ 29. Kf2 Bxc1 30. Nc4 Kxc7 31. Ne5 Qg3+ 32. Ke2 Qxe5
33. d4 Qxe3+ 34. Kd1 Qd2# 0-1

[Event "Challenge"]
[Site "http://www.queenalice.com/game.php?id=1087169"]
[Date "2012.7.26"]
[Round "-"]
[White "velecico"]
[Black "roadrunner"]
[Result "0-1"]
[WhiteElo "1627"]
[BlackElo "1466"]

1. d4 e6 2. c4 Qh4 3. Nf3 Qf6 4. Bg5 Qf5 5. Nc3 Qa5 6. e4 h6 7. Be3 Nf6 8. e5
Ng4 9. Qd2 c6 10. Bd3 d5 11. c5 Nxe3 12. Qxe3 b5 13. cxb6 Qxb6 14. b3 g5 15. O-O
Bb4 16. Na4 Qb7 17. Rfc1 Qc7 18. Rc2 f5 19. exf6 Rf8 20. Bg6+ Kd7 21. Ne5+ Kd6
22. f7 Qd8 23. Qg3 Qf6 24. Ng4+ Qf4 25. Qh3 Qxd4 26. Qg3+ e5 27. Rcc1 Bxg4 28.
a3 Bd2 29. Rc2 Qxa1+ 0-1

[Event "Challenge"]
[Site "http://www.queenalice.com/game.php?id=1087195"]
[Date "2012.7.26"]
[Round "-"]
[White "roadrunner"]
[Black "Atalxxi"]
[Result "1-0"]
[WhiteElo "1488"]
[BlackElo "1403"]

1. e3 e5 2. Qh5 Nf6 3. Qxe5+ Be7 4. Bc4 Nc6 5. Qg5 d5 6. Qxg7 Kd7 7. Bb5 a6 8.
Bxc6+ bxc6 9. Nf3 Bb7 10. Ne5+ Kc8 11. Qxf7 Nd7 12. Qf5 Rf8 13. Qe6 Rf6 14.
Qxd7+ Qxd7 15. Nxd7 Kxd7 16. Nc3 Raf8 17. f4 Bb4 18. a3 Bxc3 19. bxc3 Rg6 20. g3
c5 21. O-O h6 22. a4 a5 23. Ba3 Ba6 24. Rf3 Kc6 25. d4 Re8 26. f5 Rf6 27. Bxc5
h5 28. Rb1 Be2 29. Rf4 Rxe3 30. Kf2 Re8 31. Re1 Kd7 32. Rxe2 Rb8 33. Be7 Rf7 34.
f6 c6 35. Bc5 Rb2 36. Re7+ Rxe7 37. fxe7 Rxc2+ 38. Kf3 Rxc3+ 39. Kg2 Re3 40. Rf8
Re6 41. Rd8+ 1-0

[Event "Challenge"]
[Site "http://www.queenalice.com/game.php?id=1087620"]
[Date "2012.7.28"]
[Round "-"]
[White "plot24"]
[Black "roadrunner"]
[Result "0-1"]
[WhiteElo "1687"]
[BlackElo "1442"]

1. e4 e6 2. Nf3 Nc6 3. d4 a5 4. Bd3 Nf6 5. c3 Ng4 6. Bf4 d5 7. e5 f6 8. Na3 fxe5
9. dxe5 Bc5 10. Nd4 h5 11. Qf3 Bxd4 12. Nb5 Bxf2+ 13. Ke2 O-O 14. h3 Ngxe5 0-1

[Event "Challenge"]
[Site "http://www.queenalice.com/game.php?id=1093755"]
[Date "2012.8.16"]
[Round "-"]
[White "roadrunner"]
[Black "lolo"]
[Result "0-1"]
[WhiteElo "1501"]
[BlackElo "1392"]

1. e3 g6 2. Bc4 d5 3. Bb3 Bg7 4. Qf3 Nf6 5. Nc3 c6 6. a4 O-O 7. h4 Bg4 8. Qf4
Nbd7 9. f3 e5 10. Qb4 Bf5 11. Qxb7 Nc5 12. Qxc6 Nxb3 13. cxb3 d4 14. Nd5 Nxd5
15. e4 Bxe4 16. fxe4 Nf4 17. g4 Nd3+ 18. Kd1 Nf2+ 19. Ke2 Nxh1 20. Nf3 Ng3+ 21.
Kf2 Nxe4+ 22. Qxe4 f5 23. Qd3 e4 24. Qc4+ Kh8 25. Ng5 fxg4+ 26. Ke1 Qf6 27. Kd1
d3 28. Qxe4 Qf1+ 29. Qe1 Rae8 30. Nf3 Rxe1+ 31. Nxe1 Qe2# 0-1

[Event "Challenge"]
[Site "http://www.queenalice.com/game.php?id=1111608"]
[Date "2012.10.12"]
[Round "-"]
[White "roadrunner"]
[Black "Zoe"]
[Result "0-1"]
[WhiteElo "1514"]
[BlackElo "1883"]

1. e3 e6 2. Nc3 d5 3. Nf3 c5 4. Ne5 Bd6 5. Qh5 g6 6. Bb5+ Bd7 7. Bxd7+ Nxd7 8.
Qf3 Bxe5 9. d4 cxd4 10. exd4 Bxd4 11. Ne2 Bg7 12. O-O Rc8 13. c3 Ne5 14. Qe3 a6
15. Nd4 Ne7 16. f4 Nc4 17. Qd3 Qb6 18. h4 Nf5 19. b3 Ncd6 20. Be3 Nxe3 21. Rfe1
Nef5 22. Kh2 Nxd4 23. cxd4 Bxd4 24. Rxe6+ fxe6 25. Re1 O-O 26. Rxe6 Bg1+ 27. Kh3
Rxf4 28. Qg3 Rcf8 29. h5 R8f5 30. hxg6 Rh5+ 31. Qh4 Rhxh4+ 32. Kg3 Bh2# 0-1

[Event "Challenge"]
[Site "http://www.queenalice.com/game.php?id=1115956"]
[Date "2012.10.25"]
[Round "-"]
[White "roadrunner"]
[Black "Arianna"]
[Result "1-0"]
[WhiteElo "1512"]
[BlackElo "1411"]

1. e3 e6 2. Nh3 g6 3. a4 Bg7 4. Qf3 Nc6 5. Bb5 a6 6. Bxc6 bxc6 7. Qf4 Nf6 8. Ng5
Bh6 9. h4 Bb7 10. b3 Nd5 11. Qxf7# 1-0

[Event "Challenge"]
[Site "http://www.queenalice.com/game.php?id=1122280"]
[Date "2012.11.14"]
[Round "-"]
[White "roadrunner"]
[Black "Martial"]
[Result "1-0"]
[WhiteElo "1524"]
[BlackElo "1493"]

1. e3 e5 2. Qh5 Nc6 3. Bc4 d5 4. Bb5 Bd6 5. b3 a6 6. Bxc6+ bxc6 7. Na3 Nf6 8.
Qg5 O-O 9. f4 exf4 10. Bb2 fxe3 11. dxe3 Bb4+ 12. c3 Be7 13. O-O-O Ne4 14. Qe5
Nf2 15. c4 Nxh1 16. Qxg7# 1-0

[Event "Challenge"]
[Site "http://www.queenalice.com/game.php?id=1122916"]
[Date "2012.11.16"]
[Round "-"]
[White "Arianna"]
[Black "roadrunner"]
[Result "0-1"]
[WhiteElo "1411"]
[BlackElo "1539"]

1. Nc3 e6 2. Nf3 Nc6 3. e3 b6 4. Be2 Bb7 5. O-O Nh6 6. d3 g5 7. Bd2 Bd6 8. g3
Nb4 9. a3 Bxf3 10. Bxf3 Nc6 11. b4 a5 12. Rb1 f5 13. Qe1 g4 14. Bxc6 dxc6 15. e4
f4 16. gxf4 Qh4 17. e5 Be7 18. Qe4 O-O-O 19. Qxc6 g3 20. fxg3 Qh3 21. Qa8+ Kd7
22. Qa7 Ng4 23. Rfd1 Qxh2+ 24. Kf1 Qf2# 0-1

[Event "Challenge"]
[Site "http://www.queenalice.com/game.php?id=1156110"]
[Date "2013.2.27"]
[Round "-"]
[White "zmanomega"]
[Black "roadrunner"]
[Result "1-0"]
[WhiteElo "1574"]
[BlackElo "1575"]

1. d4 e6 2. e4 Qh4 3. Qe2 Nc6 4. c3 b6 5. Nf3 Qe7 6. Bf4 g6 7. Ng5 Bh6 8. Nh3 a5
9. Bxh6 Nxh6 10. f3 Ba6 11. Qf2 Qf6 12. Bxa6 Rxa6 13. Nd2 O-O 14. O-O a4 15. a3
d5 16. e5 Qg7 17. Ng5 Nf5 18. Qe2 Qh6 19. f4 f6 20. Nxe6 Rc8 21. Qxa6 Nce7 22.
Qxa4 Ne3 23. Rf3 Ng4 24. h3 b5 25. Qa5 fxe5 26. hxg4 Rf8 27. Nxf8 Qxf8 28. fxe5
Qc8 29. Qxb5 Qxg4 30. Qe8+ Kg7 31. Qf7+ Kh6 32. Rh3+ Kg5 33. Qf6# 1-0

[Event "Challenge"]
[Site "http://www.queenalice.com/game.php?id=1159424"]
[Date "2013.3.9"]
[Round "-"]
[White "AndersonSouza"]
[Black "roadrunner"]
[Result "1-0"]
[WhiteElo "1580"]
[BlackElo "1576"]

1. b3 e6 2. Bb2 Bc5 3. Bxg7 Qh4 4. e3 Nf6 5. Bxh8 Ne4 6. g3 Qh6 7. Bg2 d5 8. d3
Bb4+ 9. c3 Nxf2 10. Kxf2 Bc5 11. d4 Bd6 12. Qf3 b6 13. c4 Qg6 14. Nc3 Qc2+ 15.
Nce2 Ba6 16. Nh3 Nd7 17. Rhc1 Qd3 18. cxd5 O-O-O 19. Be5 Bxe5 20. dxe5 Nxe5 21.
Qh5 f5 22. dxe6 Ng4+ 23. Kg1 Qxe3+ 24. Kh1 Qxe2 25. Qxf5 Ne3 26. Qf2 Rd1+ 27.
Rxd1 Nxd1 28. Qf8# 1-0